[Event "New Year Rapid U-1600"]
[Site "SchemingMind.com"]
[Date "2013.01.03"]
[Round "-"]
[White "Jacek"]
[Black "Ricsige"]
[Result "1-0"]
[WhiteCountry "POL"]
[BlackCountry "AHO"]
[WhiteElo "1780"]
[WhiteRD "70"]
[BlackElo "1417"]
[BlackRD "65"]
[GameID "324366"]

1. e4 c5 2. Nf3 Nc6 3. Bb5 g6 4. O-O Bg7 5. Nc3 d6 6. d4 cxd4 7. Nxd4 Bd7 8. Be3 Nf6 9. Qd2 O-O 10. Be2 Nxd4
11. Bxd4 a6 12. f4 Bc6 13. Bf3 Rc8 14. Rad1 Bd7 15. e5 Ne8 16. Bxb7 Rb8 17. Bxa6 Rxb2 18. Bc4 Qa8 19. Nd5 Qd8 20. Bxb2
1-0

[Event "New Year Rapid U-1600"]
[Site "SchemingMind.com"]
[Date "2013.01.04"]
[Round "-"]
[White "Ricsige"]
[Black "Jacek"]
[Result "0-1"]
[WhiteCountry "AHO"]
[BlackCountry "POL"]
[WhiteElo "1459"]
[WhiteRD "67"]
[BlackElo "1693"]
[BlackRD "79"]
[GameID "324367"]

1. d4 Nf6 2. c4 g6 3. f3 d5 4. cxd5 Nxd5 5. e4 Nb6 6. Nc3 Bg7 7. Be3 O-O 8. Qd2 Nc6 9. O-O-O a5 10. Bd3 Nb4
0-1

[Event "New Year Rapid U-1600"]
[Site "SchemingMind.com"]
[Date "2013.01.06"]
[Round "-"]
[White "VLNT_1"]
[Black "Jacek"]
[Result "0-1"]
[WhiteCountry "USA"]
[BlackCountry "POL"]
[WhiteElo "1204"]
[WhiteRD "76"]
[BlackElo "1780"]
[BlackRD "70"]
[GameID "324562"]

1. Nc3 d5 2. b3 d4 3. Ne4 f5 4. Nc5 Qd5 5. Na4 b5 6. Nb2 e5 7. Nf3 e4 8. Ng5 f4 9. h4 h6 10. c4 dxc3
11. Nh3 cxb2 12. Bxb2 Bxh3 13. Rxh3 Qe6 14. Rc3 Bd6 15. Qc2 Nf6 16. f3 O-O 17. d3 exf3 18. O-O-O Na6 19. gxf3 Nb4 20. Qd2 Nxa2+
21. Kc2 Nxc3 22. Bxc3 Nd5 23. Bb2 Ne3+ 24. Kc1 Nxd1 25. Qxd1 Be5 26. Ba3 Qa6 27. Be7 Qa1+ 28. Kd2 Qc3#
0-1

[Event "New Year Rapid U-1600"]
[Site "SchemingMind.com"]
[Date "2013.01.06"]
[Round "-"]
[White "VLNT_1"]
[Black "Ricsige"]
[Result "0-1"]
[WhiteCountry "USA"]
[BlackCountry "AHO"]
[WhiteElo "1204"]
[WhiteRD "76"]
[BlackElo "1417"]
[BlackRD "65"]
[GameID "324563"]

1. Nf3 d5 2. g3 c5 3. Bg2 Nc6 4. O-O Nf6 5. e3 Bg4 6. h3 Bd7 7. c3 Qc8 8. Ng5 h6 9. Nf3 Bxh3 10. Bxh3 Qxh3
11. Re1 Ng4 12. Qe2 Nce5 13. Nxe5 Qh2+ 14. Kf1 Qh1#
0-1

[Event "New Year Rapid U-1600"]
[Site "SchemingMind.com"]
[Date "2013.01.07"]
[Round "-"]
[White "Jacek"]
[Black "VLNT_1"]
[Result "1-0"]
[WhiteCountry "POL"]
[BlackCountry "USA"]
[WhiteElo "1780"]
[WhiteRD "70"]
[BlackElo "1204"]
[BlackRD "76"]
[GameID "324564"]

1. e4 e6 2. d4 Nf6 3. Bg5 h6 4. Bxf6 Qxf6 5. Nc3 g5 6. e5 Qf5 7. Bd3 Qf4 8. Nge2 Qg4 9. Ng3 Qxd4 10. O-O Qxe5
11. Re1 Qd6 12. Qe2 Nc6 13. Nge4 Qf4 14. g3 Qe5 15. Qh5 Nd4 16. f4 Qf5 17. Nd6+ cxd6 18. Bxf5 b6 19. Be4 Rb8 20. fxg5 d5
21. Bxd5 Nxc2 22. g6 fxg6 23. Qxg6+ Ke7 24. Ne4 exd5 25. Qf6+ Ke8 26. Nd6#
1-0

[Event "New Year Rapid U-1600"]
[Site "SchemingMind.com"]
[Date "2013.01.07"]
[Round "-"]
[White "Ricsige"]
[Black "VLNT_1"]
[Result "1-0"]
[WhiteCountry "AHO"]
[BlackCountry "USA"]
[WhiteElo "1417"]
[WhiteRD "65"]
[BlackElo "1204"]
[BlackRD "76"]
[GameID "324565"]

1. d4 Nf6 2. c4 g6 3. f3 Bg7 4. e4 O-O 5. Nc3 e6 6. e5 Nh5 7. Be2 f6 8. exf6 Bxf6 9. Nh3 Bg7 10. O-O Rf6
11. Bg5 d5 12. f4 h6 13. Bxf6 Qxf6 14. Bxh5 gxh5 15. Qxh5 Qxd4+ 16. Kh1 dxc4 17. Qe8+ Kh7 18. Qxc8 Qc5 19. Rae1 Qb4 20. Qxe6 Qxb2
21. Qf5+ Kg8 22. Re8+ Bf8 23. Qxf8+ Kh7 24. Qg8#
1-0

[Event "New Year Rapid U-1600"]
[Site "SchemingMind.com"]
[Date "2013.01.07"]
[Round "-"]
[White "lennart"]
[Black "Jacek"]
[Result "0-1"]
[WhiteCountry "SWE"]
[BlackCountry "POL"]
[WhiteElo "1468"]
[WhiteRD "55"]
[BlackElo "1693"]
[BlackRD "79"]
[GameID "324574"]

1. e4 c5 2. Nf3 e6 3. Nc3 a6 4. d3 b5 5. Bg5 Be7 6. Bf4 Bb7 7. d4 cxd4 8. Nxd4 b4 9. Na4 Bxe4 10. Qe2 Nf6
11. f3 Bc6 12. b3 Nd5 13. Nxc6 dxc6 14. Be5 Bf6 15. Bxf6 Qxf6 16. Rd1 Nd7 17. Qd3 Ne5 18. Qd2 O-O 19. Be2 Qh4+ 20. g3 Qf6
21. O-O Rfd8 22. Qc1 h6 23. f4 Nd7 24. Bf3 Qe7 25. c4 N5b6 26. Bxc6 Rac8 27. Bxd7 Nxd7 28. Rde1 Nc5 29. Nxc5 Qxc5+ 30. Rf2 Rd3
31. Qb2 Rcd8 32. Kf1 Qc6 33. Qe2 Qh1#
0-1

[Event "New Year Rapid U-1600"]
[Site "SchemingMind.com"]
[Date "2013.01.08"]
[Round "-"]
[White "lennart"]
[Black "VLNT_1"]
[Result "1-0"]
[WhiteCountry "SWE"]
[BlackCountry "USA"]
[WhiteElo "1494"]
[WhiteRD "57"]
[BlackElo "1204"]
[BlackRD "76"]
[GameID "324575"]

1. e4 Nf6 2. Nc3 e6 3. h3 g6 4. Nf3 Bg7 5. d4 O-O 6. e5 Nh5 7. g4 d5 8. gxh5 gxh5 9. Rg1 f6 10. Bh6 Rf7
11. Nh4 Kf8 12. Bxg7+ Rxg7 13. Rxg7 Kxg7 14. Bd3 fxe5 15. Qxh5 h6 16. Qg6+ Kf8 17. Qxh6+ Ke8 18. O-O-O Nc6 19. Rg1 exd4 20. Rg8+ Kd7
21. Rxd8+ Kxd8 22. Bg6 Ne7 23. Qh8+ Kd7 24. Qe8+ Kd6 25. Nb5+ Kc5 26. Nxc7 Rb8 27. Qxe7+ Kc6 28. Be8+ Kb6 29. Qd8 a6 30. Nxd5+ Kc5
31. Qa5+ Kd6 32. Qc7+ Kxd5 33. c4+ Ke4 34. Bg6#
1-0

[Event "New Year Rapid U-1600"]
[Site "SchemingMind.com"]
[Date "2013.01.07"]
[Round "-"]
[White "lennart"]
[Black "Ricsige"]
[Result "1/2-1/2"]
[WhiteCountry "SWE"]
[BlackCountry "AHO"]
[WhiteElo "1468"]
[WhiteRD "55"]
[BlackElo "1459"]
[BlackRD "67"]
[GameID "324576"]

1. e4 c5 2. a3 Nc6 3. h3 d6 4. Nf3 Nf6 5. Qe2 g6 6. Qc4 Be6 7. Qd3 Bg7 8. Be2 O-O 9. Qe3 a6 10. O-O b5
11. a4 Qd7 12. Nc3 b4 13. Na2 a5 14. Bb5 Qb7 15. b3 Na7 16. Be2 Nxe4 17. Rb1 Nf6 18. c3 Nd5 19. Qg5 Bf6 20. Qh6 Bg7
21. Qh4 Bf6=
1/2-1/2

[Event "New Year Rapid U-1600"]
[Site "SchemingMind.com"]
[Date "2013.01.07"]
[Round "-"]
[White "Jacek"]
[Black "lennart"]
[Result "0-1"]
[WhiteCountry "POL"]
[BlackCountry "SWE"]
[WhiteElo "1693"]
[WhiteRD "79"]
[BlackElo "1468"]
[BlackRD "55"]
[GameID "324577"]

1. e4 e5 2. Bc4 h6 3. Nf3 d6 4. h3 Nf6 5. O-O Nxe4 6. d4 d5 7. Bd3 Nc6 8. dxe5 g5 9. Qe1 g4 10. hxg4 h5
11. gxh5 Rxh5 12. Bxe4 dxe4 13. Qxe4 Bf5 14. Qa4 Bd7 15. Qb3 Bg4 16. Nbd2 Bh6 17. Ne4 Nxe5 18. Nxe5 Rxe5 19. Bxh6 Qh4 20. Qg3 Qxg3
21. Nxg3 O-O-O 22. Rad1 Bxd1
0-1

[Event "New Year Rapid U-1600"]
[Site "SchemingMind.com"]
[Date "2013.01.07"]
[Round "-"]
[White "VLNT_1"]
[Black "lennart"]
[Result "0-1"]
[WhiteCountry "USA"]
[BlackCountry "SWE"]
[WhiteElo "1303"]
[WhiteRD "85"]
[BlackElo "1468"]
[BlackRD "55"]
[GameID "324578"]

1. e3 e5 2. Nf3 Nc6 3. g3 h6 4. Bg2 d6 5. O-O Qf6 6. d4 e4 7. Nfd2 d5 8. b3 h5 9. Bb2 Nh6 10. a4 Bd6
11. Qxh5 g5 12. c3 Bg4 13. Qxg4 Nxg4 14. h3 Qh6 15. f3 Nxe3 16. Rf2 Bxg3 17. Re2 Nxg2 18. Rxg2 Qxh3 19. Rxg3 Qxg3+ 20. Kf1 Rh1+
21. Ke2 Qe1#
0-1

[Event "New Year Rapid U-1600"]
[Site "SchemingMind.com"]
[Date "2013.01.07"]
[Round "-"]
[White "Ricsige"]
[Black "lennart"]
[Result "1-0"]
[WhiteCountry "AHO"]
[BlackCountry "SWE"]
[WhiteElo "1459"]
[WhiteRD "67"]
[BlackElo "1468"]
[BlackRD "55"]
[GameID "324579"]

1. d4 d5 2. c4 dxc4 3. e4 Nc6 4. Nf3 h6 5. Bxc4 Qd6 6. Nc3 a6 7. O-O Bg4 8. e5 Qd8 9. h3 Bxf3 10. Qxf3 Qxd4
11. Qxf7+ Kd7 12. Rd1 Qxd1+ 13. Nxd1 Re8 14. Nc3 Nxe5 15. Qe6+
1-0

[Event "New Year Rapid U-1600"]
[Site "SchemingMind.com"]
[Date "2013.01.12"]
[Round "-"]
[White "cnile"]
[Black "Jacek"]
[Result "0-1"]
[WhiteCountry "SCO"]
[BlackCountry "POL"]
[WhiteElo "1516"]
[WhiteRD "66"]
[BlackElo "1780"]
[BlackRD "70"]
[GameID "325005"]

1. d4 Nf6 2. c4 g6 3. Nc3 Bg7 4. e4 d6 5. Be2 O-O 6. Nf3 e5 7. O-O Nc6 8. d5 Ne7 9. b4 Nh5 10. Re1 f5
11. Ng5 Nf6 12. Bf3 c6 13. Bb2 h6 14. Ne6 Bxe6 15. dxe6 fxe4 16. Nxe4 Nxe4 17. Bxe4 Rf6 18. Qg4 Qc8 19. Re3 Qxe6 20. Qxe6+ Rxe6
21. Rd1 Rd8 22. Red3 Nf5 23. Bxf5 gxf5 24. a4 f4 25. f3 e4 26. Rb3 e3 27. Bxg7 Kxg7 28. Rbd3 Kf6 29. Kf1 a6 30. Ke2 Ke7
31. Rd4 Rf6 32. c5 d5 33. g4 fxg3 34. hxg3 Rdf8 35. f4 Rg8 36. Kf3 Rfg6 37. Rg1 Rxg3+ 38. Rxg3 e2 39. Kxe2 Rxg3 40. Kf2 Rc3
41. Ke2 Rc4 42. Rxc4 dxc4 43. Ke3 h5 44. Kd4 h4
0-1

[Event "New Year Rapid U-1600"]
[Site "SchemingMind.com"]
[Date "2013.01.12"]
[Round "-"]
[White "cnile"]
[Black "VLNT_1"]
[Result "1-0"]
[WhiteCountry "SCO"]
[BlackCountry "USA"]
[WhiteElo "1516"]
[WhiteRD "66"]
[BlackElo "1204"]
[BlackRD "76"]
[GameID "325006"]

1. d4 Nf6 2. c4 g6 3. Nc3 Bg7 4. e4 O-O 5. Be2 e6 6. Bg5 h6 7. Be3 d5 8. exd5 exd5 9. Nf3 Qd7 10. O-O Re8
11. Re1 Ng4 12. Qd2 Qd6 13. h3 Nf6 14. Bxh6 Bxh6 15. Qxh6 Nbd7 16. Nxd5 b6 17. Ng5 b5 18. Bg4 Rd8 19. Re7 Nxd5 20. Qh7+ Kf8
21. Qxf7#
1-0

[Event "New Year Rapid U-1600"]
[Site "SchemingMind.com"]
[Date "2013.01.12"]
[Round "-"]
[White "cnile"]
[Black "lennart"]
[Result "1-0"]
[WhiteCountry "SCO"]
[BlackCountry "SWE"]
[WhiteElo "1516"]
[WhiteRD "66"]
[BlackElo "1494"]
[BlackRD "57"]
[GameID "325007"]

1. d4 d5 2. c4 c6 3. Nc3 dxc4 4. a4 Qa5 5. Bd2 Qh5 6. Nf3 e6 7. e4 c5 8. Bxc4 cxd4 9. Nxd4 Qxd1+ 10. Rxd1 Nf6
11. O-O Bc5 12. Ndb5 O-O 13. Nc7 Rd8 14. Nxa8 h6 15. Nc7 Nc6 16. N7b5 Rd7 17. h3 a6 18. Na3 Nd4 19. Be3 e5 20. Nab1 Rd6
21. Nd5 Kf8 22. Nxf6 Rxf6 23. b3 Rg6 24. Rfe1 Kg8 25. Kh2 b5 26. axb5 axb5 27. Bxd4 exd4 28. Bxb5 Be6 29. Bc4 Bd7 30. Rd3 Bc6
31. Rf3 Be8 32. Rc1 Bd6+ 33. Kg1 h5 34. Nd2 Rg5 35. Bd5 Re5 36. Rc8 Kh7 37. Bxf7 Bd7 38. Bg8+ Kh6 39. Rd8 Re7 40. Bd5 Bc7
41. Rh8+ Kg6 42. Nc4 Be8 43. Rxe8 Rxe8 44. Bf7+
1-0

[Event "New Year Rapid U-1600"]
[Site "SchemingMind.com"]
[Date "2013.01.12"]
[Round "-"]
[White "cnile"]
[Black "Ricsige"]
[Result "1-0"]
[WhiteCountry "SCO"]
[BlackCountry "AHO"]
[WhiteElo "1516"]
[WhiteRD "66"]
[BlackElo "1417"]
[BlackRD "65"]
[GameID "325008"]

1. d4 Nf6 2. c4 c5 3. d5 b5 4. cxb5 a6 5. bxa6 g6 6. Nc3 Bxa6 7. g3 Bg7 8. Nf3 d6 9. Bg2 Nbd7 10. O-O O-O
11. Re1 Qc7 12. e4 Rfb8 13. Qc2 Nb6 14. Be3 Nc4 15. Bf4 Rxb2 16. Qc1 Qa5 17. Nd2 Nxd2 18. Bxd2
1-0

[Event "New Year Rapid U-1600"]
[Site "SchemingMind.com"]
[Date "2013.01.12"]
[Round "-"]
[White "Jacek"]
[Black "cnile"]
[Result "1-0"]
[WhiteCountry "POL"]
[BlackCountry "SCO"]
[WhiteElo "1693"]
[WhiteRD "79"]
[BlackElo "1483"]
[BlackRD "65"]
[GameID "325009"]

1. e4 c5 2. Nf3 Nc6 3. Bb5 e6 4. O-O Nge7 5. Re1 a6 6. Bf1 Ng6 7. Nc3 b5 8. d4 cxd4 9. Nxd4 Bb7 10. Nd5 exd5
11. exd5+ Nce5 12. f4 Bc5 13. fxe5 O-O 14. Kh1 Qb6 15. Nf3 Rfe8 16. Bd3 Bf2 17. Re2 Bxd5 18. Bxg6 hxg6 19. Qxd5 Bc5 20. Ng5 Re7
21. Qxa8+ Re8 22. Qxe8+ Bf8 23. Qxf7+
1-0

[Event "New Year Rapid U-1600"]
[Site "SchemingMind.com"]
[Date "2013.01.12"]
[Round "-"]
[White "VLNT_1"]
[Black "cnile"]
[Result "0-1"]
[WhiteCountry "USA"]
[BlackCountry "SCO"]
[WhiteElo "1204"]
[WhiteRD "76"]
[BlackElo "1516"]
[BlackRD "66"]
[GameID "325010"]

1. d4 Nf6 2. Nc3 d5 3. e3 c5 4. b3 Nc6 5. Bb2 cxd4 6. Nb5 Qa5+ 7. Nc3 dxc3 8. Bc1 e5 9. a4 Ne4 10. Nf3 Bg4
11. g3 Bd6 12. h3 Bh5 13. g4 Bg6 14. Bg2 Nb4 15. Nh4 Rc8 16. O-O Nc5 17. f3 O-O 18. f4 Bxc2 19. Qf3 Be4 20. Qe2 Bd3
21. Qf3 Bxf1 22. Qxf1 Ne4 23. Qe2 exf4 24. Nf5 Bc5 25. Kf1 g6 26. Nh6+ Kh8 27. exf4 Ng3+ 28. Ke1 Nxe2 29. Kxe2 Rfe8+ 30. Kf1 Nc2
31. Ra2 Re1#
0-1

[Event "New Year Rapid U-1600"]
[Site "SchemingMind.com"]
[Date "2013.01.11"]
[Round "-"]
[White "lennart"]
[Black "cnile"]
[Result "0-1"]
[WhiteCountry "SWE"]
[BlackCountry "SCO"]
[WhiteElo "1468"]
[WhiteRD "55"]
[BlackElo "1483"]
[BlackRD "65"]
[GameID "325011"]

1. e4 e6 2. Nf3 c5 3. Nc3 Nc6 4. Bd3 a6 5. O-O Qc7 6. Ne2 Be7 7. g3 Nf6 8. c3 e5 9. a3 d6 10. c4 h5
11. Qa4 Bd7 12. Qd1 h4 13. Nxh4 Bh3 14. Re1 Qd7 15. Rb1 Qg4 16. Nf5 Qf3 17. Nf4 Qxd1 18. Rxd1 exf4 19. gxf4 O-O-O 20. Be2 Nxe4
21. Nxe7+ Kb8 22. Nxc6+ bxc6 23. b4 Rhe8 24. b5 cxb5 25. cxb5 a5 26. b6 Kb7 27. Rb5 a4 28. Bf3 d5 29. d3 Nc3
0-1

[Event "New Year Rapid U-1600"]
[Site "SchemingMind.com"]
[Date "2013.01.11"]
[Round "-"]
[White "Ricsige"]
[Black "cnile"]
[Result "0-1"]
[WhiteCountry "AHO"]
[BlackCountry "SCO"]
[WhiteElo "1417"]
[WhiteRD "65"]
[BlackElo "1516"]
[BlackRD "66"]
[GameID "325012"]

1. d4 Nf6 2. c4 c5 3. d5 b5 4. cxb5 a6 5. b6 Qxb6 6. Nc3 d6 7. Nf3 g6 8. e4 Nbd7 9. Be2 Bg7 10. O-O Rb8
11. Rb1 O-O 12. Nd2 Re8 13. Nc4 Qc7 14. a4 Nb6 15. Nxb6 Rxb6 16. Bd2 Bd7 17. Qc1 Reb8
0-1

[Event "New Year Rapid U-1600"]
[Site "SchemingMind.com"]
[Date "2013.01.12"]
[Round "-"]
[White "A.Swain"]
[Black "cnile"]
[Result "0-1"]
[WhiteCountry "ENG"]
[BlackCountry "SCO"]
[WhiteElo "1061"]
[WhiteRD "126"]
[BlackElo "1483"]
[BlackRD "65"]
[GameID "325046"]

1. e4 e5 2. Qf3 Nf6 3. g4 d5 4. Bb5+ c6 5. Bd3 Bxg4 6. Qg3 Bc5 7. h3 Bh5 8. Qxg7 Rg8 9. Qh6 Nbd7 10. c3 Rg6
11. Qe3 Bxe3 12. dxe3 Qe7 13. b4 O-O-O 14. a4 d4 15. cxd4 exd4 16. exd4 Qxb4+ 17. Bd2 Qxd4 18. Ra3 Nc5 19. Bc3 Qxd3 20. Bd2 Qxb1+
21. Bc1 Qxc1#
0-1

[Event "New Year Rapid U-1600"]
[Site "SchemingMind.com"]
[Date "2013.01.12"]
[Round "-"]
[White "A.Swain"]
[Black "Jacek"]
[Result "0-1"]
[WhiteCountry "ENG"]
[BlackCountry "POL"]
[WhiteElo "1061"]
[WhiteRD "126"]
[BlackElo "1693"]
[BlackRD "79"]
[GameID "325047"]

1. e4 c5 2. Bc4 e6 3. Qf3 Nc6 4. c3 Ne5 5. Qe2 Nxc4 6. Qxc4 d5 7. Qb5+ Bd7 8. Qxb7 dxe4 9. Qxe4 Nf6 10. Qe3 Bd6
11. Nf3 O-O 12. d4 Nd5 13. Qe2 Rb8 14. c4 Nf4 15. Qf1 cxd4 16. Nxd4 Qa5+ 17. Bd2 Qe5+ 18. Be3 Rxb2 19. g3 Bb4+ 20. Kd1 Ba4+
21. Nb3 Qd6+ 22. Kc1 Nd3+ 23. Qxd3 Qxd3 24. Kxb2 Qe2+ 25. Bd2 Rd8 26. Rc1 Bxb3 27. axb3 Bxd2 28. Rc2 Qe5+ 29. Rc3 Bxc3+ 30. Nxc3 Rd2+
31. Ka3 Qxc3 32. c5 Qa5#
0-1

[Event "New Year Rapid U-1600"]
[Site "SchemingMind.com"]
[Date "2013.01.15"]
[Round "-"]
[White "A.Swain"]
[Black "VLNT_1"]
[Result "1-0"]
[WhiteCountry "ENG"]
[BlackCountry "USA"]
[WhiteElo "1245"]
[WhiteRD "94"]
[BlackElo "1204"]
[BlackRD "76"]
[GameID "325048"]

1. e4 Nf6 2. Qf3 g6 3. g4 Bg7 4. c3 O-O 5. e5 Ne8 6. d4 e6 7. h4 d5 8. h5 Nc6 9. hxg6 fxg6 10. Qh3 h5
11. Bd3 Qe7 12. Be3 Qf7 13. f3 b6 14. gxh5 gxh5 15. f4 Bb7 16. Be2 Na5 17. Bxh5 Qd7 18. Nf3 Qa4 19. b3 Qb5 20. Bg6 Ba6
21. Qh7#
1-0

[Event "New Year Rapid U-1600"]
[Site "SchemingMind.com"]
[Date "2013.01.12"]
[Round "-"]
[White "A.Swain"]
[Black "lennart"]
[Result "0-1"]
[WhiteCountry "ENG"]
[BlackCountry "SWE"]
[WhiteElo "1245"]
[WhiteRD "94"]
[BlackElo "1494"]
[BlackRD "57"]
[GameID "325049"]

1. e4 e5 2. Qf3 Nf6 3. g4 d5 4. Nc3 Bxg4 5. Qd3 Nc6 6. Qb5 Rb8 7. exd5 a6 8. Qc4 Na5 9. Qd3 g6 10. b4 Bf5
11. Qe3 Ng4 12. Qf3 Bxb4 13. a3 Bxc3 14. dxc3 e4 15. Qd1 O-O 16. Bh3 Nxf2 17. Kxf2 Nc4 18. Bh6 Qh4+ 19. Kf1 Qxh6 20. Qe2 Bxh3+
21. Nxh3 Qxh3+ 22. Kf2 e3+ 23. Ke1 Nd2 24. Rd1 Nf3+ 25. Qxf3 Qxf3 26. Rf1 Qe4 27. d6 cxd6 28. Rxd6 Qxc2 29. Rd1 e2 30. Rd2 exf1=Q+
31. Kxf1 Qxd2 32. Kg1 Rbe8 33. c4 Re1#
0-1

[Event "New Year Rapid U-1600"]
[Site "SchemingMind.com"]
[Date "2013.01.13"]
[Round "-"]
[White "A.Swain"]
[Black "Ricsige"]
[Result "0-1"]
[WhiteCountry "ENG"]
[BlackCountry "AHO"]
[WhiteElo "1243"]
[WhiteRD "61"]
[BlackElo "1419"]
[BlackRD "74"]
[GameID "325050"]

1. e4 c5 2. Bc4 e6 3. Qf3 Nc6 4. c3 a6 5. Ne2 b5 6. Bd3 d6 7. O-O Nf6 8. e5 Nxe5 9. Qxa8 Nxd3 10. Qc6+ Qd7
11. Qf3 Nxc1 12. Rxc1 Bb7 13. Qd3 Qc6 14. f3 Qb6 15. c4 d5 16. b3 Bd6 17. cxd5 c4+ 18. Qd4 Qxd4+ 19. Nxd4 Bc5 20. dxe6 Bxd4+
21. Kf1 Bxa1 22. exf7+ Kxf7 23. Nc3 Bxc3 24. Rxc3 Rd8 25. bxc4 Rxd2 26. cxb5 Kg6 27. Rc7 Bd5 28. Rd7 Bc4+ 29. Ke1 Rxd7 30. b6 Rb7
31. Kd2 Rxb6 32. Kc3 Bxa2 33. g4 a5 34. h4 Bd5 35. Kd4 a4 36. Kc5 Rb3 37. Kd4 a3 38. h5+ Kg5 39. Kc5 a2 40. Kd6 a1=Q
41. Kc5 Qc3+ 42. Kd6 Qc6+ 43. Ke5 Re3+ 44. Kd4 Qc3#
0-1

[Event "New Year Rapid U-1600"]
[Site "SchemingMind.com"]
[Date "2013.01.13"]
[Round "-"]
[White "cnile"]
[Black "A.Swain"]
[Result "1-0"]
[WhiteCountry "SCO"]
[BlackCountry "ENG"]
[WhiteElo "1483"]
[WhiteRD "65"]
[BlackElo "1061"]
[BlackRD "126"]
[GameID "325051"]

1. e4 e5 2. Nf3 f6 3. Nxe5 fxe5 4. Qh5+ g6 5. Qxe5+ Kf7 6. Bc4+ d5 7. Bxd5+ Be6 8. Qxe6+ Kg7 9. Qf7+ Kh6 10. d4+ g5
11. h4 Qe7 12. hxg5#
1-0

[Event "New Year Rapid U-1600"]
[Site "SchemingMind.com"]
[Date "2013.01.12"]
[Round "-"]
[White "Jacek"]
[Black "A.Swain"]
[Result "1-0"]
[WhiteCountry "POL"]
[BlackCountry "ENG"]
[WhiteElo "1693"]
[WhiteRD "79"]
[BlackElo "1061"]
[BlackRD "126"]
[GameID "325052"]

1. e4 e5 2. Bc4 Nh6 3. Nf3 f6 4. d4 Bd6 5. dxe5 fxe5 6. Nxe5 Bxe5 7. Qh5+ Kf8 8. Bxh6 Qf6 9. Bg5 Qg6 10. Qf3+ Bf6
11. Bf4 d6 12. e5 Bg4 13. Qb3 Qe4+ 14. Qe3 Qxc2 15. Na3 Qxb2 16. exf6 Qxa1+ 17. Kd2 Qb2+ 18. Nc2 gxf6 19. Bh6#
1-0

[Event "New Year Rapid U-1600"]
[Site "SchemingMind.com"]
[Date "2013.01.15"]
[Round "-"]
[White "VLNT_1"]
[Black "A.Swain"]
[Result "0-1"]
[WhiteCountry "USA"]
[BlackCountry "ENG"]
[WhiteElo "1178"]
[WhiteRD "74"]
[BlackElo "1262"]
[BlackRD "87"]
[GameID "325053"]

1. e3 e5 2. Nf3 f6 3. g3 e4 4. Nd4 c5 5. Nf5 g6 6. Nh4 f5 7. Bg2 Be7 8. O-O d5 9. d4 c4 10. b3 b6
11. bxc4 g5 12. Qh5+ Kf8 13. Bb2 gxh4 14. gxh4 Nd7 15. Qxf5+ Ngf6 16. Nc3 Rg8 17. cxd5 Bd6 18. f3 Kf7 19. fxe4 Rg7 20. Rad1 Nf8
21. Qf3 Bg4 22. Qf2 Bxd1 23. Rxd1 Rg4 24. h3 Rg8 25. Rf1 Rg6 26. e5 Bb4 27. Na4 Qxd5 28. a3 Ba5 29. e4 Qb5 30. Nc3 Bxc3
31. Bxc3 Ne6 32. exf6 Rag8 33. d5 Rxg2+ 34. Kh1 Rxf2 35. Rxf2 Qb1+ 36. Kh2 Qg1#
0-1

[Event "New Year Rapid U-1600"]
[Site "SchemingMind.com"]
[Date "2013.01.13"]
[Round "-"]
[White "lennart"]
[Black "A.Swain"]
[Result "1-0"]
[WhiteCountry "SWE"]
[BlackCountry "ENG"]
[WhiteElo "1468"]
[WhiteRD "55"]
[BlackElo "1061"]
[BlackRD "126"]
[GameID "325054"]

1. e4 e5 2. Nf3 f6 3. Nc3 c6 4. Bc4 b5 5. Bb3 a5 6. a4 b4 7. Ne2 Ba6 8. d3 g5 9. Ng3 g4 10. Nd2 h5
11. Nf5 Rh7 12. Bxg8 d5 13. Bxh7 d4 14. Bg6+ Kd7 15. h3 Kc7 16. Bxh5 gxh3 17. Rxh3 Bc5 18. Nb3 Nd7 19. Bg6 Qg8 20. Qg4 Bxd3
21. Rh7 Qe6 22. Nxc5 Qc4 23. Nxd7 Bxc2 24. Nxe5+ Kb6 25. Nxc4+ Kc5 26. Bf7 d3 27. Be3#
1-0

[Event "New Year Rapid U-1600"]
[Site "SchemingMind.com"]
[Date "2013.01.13"]
[Round "-"]
[White "Ricsige"]
[Black "A.Swain"]
[Result "1-0"]
[WhiteCountry "AHO"]
[BlackCountry "ENG"]
[WhiteElo "1412"]
[WhiteRD "70"]
[BlackElo "1262"]
[BlackRD "87"]
[GameID "325055"]

1. d4 e6 2. c4 Qf6 3. Nf3 h6 4. Nc3 c6 5. e3 g5 6. Bd3 d5 7. O-O g4 8. Ne5 g3 9. fxg3 Qe7 10. Qf3 f5
11. Qh5+ Kd8 12. e4 Nf6 13. Qf3 dxe4 14. Nxe4 fxe4 15. Bxe4 Na6 16. Qxf6 Bg7 17. Qxe7+ Kxe7 18. Rf7+ Ke8 19. Rxg7 Kf8 20. Rg6 c5
21. Rxh6 Rxh6 22. Bxh6+ Ke7 23. Rf1 Nb4 24. Rf7+ Ke8 25. a3 cxd4 26. axb4 b6 27. Bxa8 d3 28. Bc6+ Kd8 29. Bg5#
1-0